MARC

LEADER 00000nam0a2200000 4500
001 182515
005 20231101223709.0
035 |a (RuTPU)RU\TPU\book\197855 
090 |a 182515 
100 |a 20100622d1994 m y0rusy50 ca 
101 0 |a rus  |a eng 
102 |a RU 
105 |a a j 001zy 
200 1 |a English for banking schools  |e text book  |d Английский язык для банковских школ  |e учебное пособие  |f сост. Т. В. Андреева и др. 
210 |a СПб.  |c Высшая банковская школа  |d 1994 
215 |a 240 с.  |c ил. 
606 1 |a Английский язык  |x Учебные руководства и пособия  |x Учебные руководства и пособия для высшей школы  |2 stltpush  |3 (RuTPU)RU\TPU\subj\29071  |9 52483 
610 1 |a диалоги 
610 1 |a тексты 
610 1 |a упражнения 
610 1 |a учебные пособия 
686 |a Ш143.21-923  |2 rubbk 
702 1 |a Андреева  |b Т. В.  |4 220 
801 1 |a RU  |b 63413507  |c 20100622 
801 2 |a RU  |b 63413507  |c 20221209  |g RCR 
942 |c BK